Napoleon Hill's keys to success : (Record no. 2043)
[ view plain ]
| 000 -LEADER | |
|---|---|
| fixed length control field | 00890cam a2200301 a 4500 |
| 001 - CONTROL NUMBER | |
| JCCL Control Number | 2043 |
| 003 - CONTROL NUMBER IDENTIFIER | |
| JCCL marc code | BD-JhCC |
| 005 - DATE AND TIME OF LATEST TRANSACTION | |
| control field | 20220228134021.0 |
| 008 - FIXED-LENGTH DATA ELEMENTS--GENERAL INFORMATION | |
| fixed length control field | 940329s1994 nyua 001 0 eng |
| 020 ## - INTERNATIONAL STANDARD BOOK NUMBER | |
| International Standard Book Number | 0525938869 : |
| Terms of availability | $19.95 ($27.99 Can.) |
| 035 ## - SYSTEM CONTROL NUMBER | |
| system control number | (BD-JhCC)2043 |
| 040 ## - CATALOGING SOURCE | |
| Original cataloging agency | DLC |
| Transcribing agency | DLC |
| Modifying agency | DLC |
| 041 ## - LANGUAGE CODE | |
| Language code of Book | eng |
| 050 00 - LIBRARY OF CONGRESS CALL NUMBER | |
| Classification number | HF5386 |
| Item number | .H548 1994 |
| 082 00 - DEWEY DECIMAL CLASSIFICATION NUMBER | |
| Classification number | 650.1 |
| DDC Edition number | 20 |
| Author mark and Year | HIL 1994 |
| 100 1# - MAIN ENTRY--PERSONAL NAME | |
| Personal name | Hill, Napoleon, |
| Dates associated with a name | 1883-1970. |
| 240 10 - UNIFORM TITLE | |
| Uniform title | Keys to success |
| 245 10 - TITLE STATEMENT | |
| Title | Napoleon Hill's keys to success : |
| Remainder of title | the 17 principles of personal achievement / |
| Statement of responsibility, etc | edited by Matthew Sartwell. |
| 260 ## - PUBLICATION, DISTRIBUTION, ETC. (IMPRINT) | |
| Place of publication, distribution, etc | New York : |
| Name of publisher, distributor, etc | Dutton, |
| Date of publication, distribution, etc | c1994. |
| 300 ## - PHYSICAL DESCRIPTION | |
| Pagination | x, 244 p. : |
| Other physical details | ill. ; |
| Dimensions | 23 cm. |
| 500 ## - GENERAL NOTE | |
| General note | Includes index. |
| 650 #0 - SUBJECT ADDED ENTRY--TOPICAL TERM | |
| Topical term or geographic name as entry element | Success in business. |
| 650 #0 - SUBJECT ADDED ENTRY--TOPICAL TERM | |
| Topical term or geographic name as entry element | Success. |
| 650 #0 - SUBJECT ADDED ENTRY--TOPICAL TERM | |
| Topical term or geographic name as entry element | Self-actualization (Psychology) |
| 700 1# - ADDED ENTRY--PERSONAL NAME | |
| Personal name | Sartwell, Matthew. |
| 942 ## - ADDED ENTRY ELEMENTS (KOHA) | |
| Source of classification or shelving scheme | Dewey Decimal Classification |
| Koha item type | Books |
| Koha issues (borrowed), all copies | 1 |
| Source of classification or shelving scheme | Damaged status | Not for loan | Home library | Current library | Shelving location | Date of accession | Total Checkouts | Full call number | Barcode | Date last seen | Date checked out | Copy number | Koha item type |
|---|---|---|---|---|---|---|---|---|---|---|---|---|---|
| Dewey Decimal Classification | JCC Rouf Library | JCC Rouf Library | General Stacks | 10/28/2017 | 5 | 650.1 HIL 1994 | 3327 | 05/17/2025 | 05/17/2025 | C-1 | Books |